| 000 | 00647nam a2200241Ia 4500 | ||
|---|---|---|---|
| 003 | OSt | ||
| 005 | 20221005032002.0 | ||
| 006 | a|||||r|||| 00| 0 | ||
| 007 | ta | ||
| 008 | 221004b |||||||| |||| 00| 0 tam d | ||
| 024 | _a64403 | ||
| 037 | _cTextual | ||
| 040 |
_aCRL _cCRL _btam |
||
| 041 |
_2tam _atam |
||
| 082 | _aO31,1N26,1, K5 | ||
| 100 |
_aKannadhasan Kavingar Au. _9584008 |
||
| 245 | 0 | _aKavithaanjali | |
| 260 |
_aChennai _bThamil Pannai India _c1965 |
||
| 300 |
_a83p. _ccm. |
||
| 650 | _aTAMIL LITERATURE | ||
| 942 |
_hO31,1N26,1, K5 _cTEXL _2cc |
||
| 999 |
_c938853 _d938853 |
||